Представление документа в формате RUSMARC

ПолеНазваниеЗначение
  Тип записи a
  Библиографический уровень m
001 Контрольный номер UONB/MAIN/77ff1e0278f642a191f97e1f573595f3
005 Дата корректировки 20260416155619.9
100 Данные общей обработки __
a Данные общей обработки 20260407d1900 k u0rusy0189 ca
101 Язык документа 0_
a Язык текста rus
102 Страна публикации __
a Страна публикации RU
105 Кодированные данные (монография) __
a Кодированные данные (монография) a z 001yy
200 Заглавие и сведения об ответственности 1_
a Заглавие Сборник Музея антропологии и этнографии
203 Вид содержания и тип средства __
a Вид содержания Текст
b Характеристика содержания визуальный
c Тип средства непосредственный
210 Выходные данные 1_
a Место издания Санкт-Петербург
c Издательство Наука, Санкт-Петербургское отделение
d Дата издания 1900-
215 Физическое описание __
d Формат 30 см
300 Общие примечания __
a Общие примечания Доп. тит. л. фр.
710 Наименование организации. (Первичная ответственность) 02
a Организация/ юрисдикция Музей антропологии и этнографии им. Петра Великого (Санкт-Петербург)
4 Код отношения 570
801 Источник записи _0
a Страна RU
b Организация Ульяновская ОНБ
c Дата составления 20260407
g Правила каталогизации RCR
801 Источник записи _1
a Страна RU
b Организация Ульяновская ОНБ
c Дата составления 20260407
g Правила каталогизации RCR
901 Тип документа __
t Тип документа v
909 Создатель записи __
a Создатель записи Моргунова
b Дата создания записи 20260407